Sivil örümceğin ağında : (Record no. 13461)

MARC details
000 -BAŞLIK
Sabit Uzunlukta Kontrol Alanı 00880na a2200313 4500
999 ## - SİSTEM KONTROL NUMARALARI (KOHA)
Koha Biblionumber 13461
Koha Biblioitemnumber 13461
001 - KONTROL NUMARASI
Denetim Alanı 16551
003 - KONTROL NUMARASI IDENTIFIER
Denetim Alanı MIRAKIL
005 - SON İŞLEM TARİHİ VE ZAMANI
Denetim Alanı 20190806100838.0
008 - SABİT-BOY VERİ ELEMANLARI - GENEL BİLGİLER
Sabit Uzunlukta Kontrol Alanı 161014b tu 000 0
020 ## - ULUSLARARASI STANDART KİTAP NUMARASI
Uluslararası Standart Kitap Numarası 9756448431
035 ## - SİSTEM KONTROL NUMARASI
Sistem Kontrol Numarası 16551
040 ## - KATALOGLAMA KAYNAK
Orijinal Kataloglama Ajansı TR-AnCHP
Kataloglama Dili tur
Metne Dönüştürmek Ajansı TR-AnCHP
041 ## - DİL KODU
Metin / Ses Parça Veya Ayrı Başlığın Dil Kodu tur
082 ## - DEWEY ONLU SINIFLANDIRMA NUMARASI
Sınıflandırma Numarası 327.09561
Ürün Numarası Y44a 2007
090 ## - SINIFLAMA NUMARASI
Sınıflama Numarası 327.09561 Y44a 2007
100 ## - ANA GİRİŞ - KİŞİSEL İSİM
Kişisel Ad Yıldırım, Mustafa
245 ## - BAŞLIK TABLOSU
Başlık Sivil örümceğin ağında :
Başlığın Kalan project democracy/
Sorumluluk Tablosu, Vb Mustafa Yıldırım.
246 ## - UNVAN FORM VARYING
Başlık Doğru / Kısa Başlığı Project democracy
250 ## - EDITION TABLOSU
Baskı Beyanı 17. bs.
260 ## - YAYIN, DAĞITIM, VB
Yayın, Dağıtım, Vb Yeri Ankara:
Yayıncı, Dağıtıcı, Vs Adı Ulus Dağı yayınları,
Yayın, Dağıtım, Vb Tarihi 2007.
300 ## - FİZİKSEL TANIM
Kapsam 659 s.:
Boyutlar 21 sm.
490 ## - SERİSİ TABLOSU
Seri Beyanı Araştırma ve İnceleme;
Hacim / Ardışık Tanımı 1.
504 ## - KAYNAKÇA VB NOT
Kaynakça Vb Notu Kaynakça ve dizin var.
651 ## - KONU KATMA GİRİŞ - COĞRAFİ ADI
Coğrafi İsim Türkiye
Genel Alt Bölümü Dış politika
Coğrafi Alt Bölümü ABD
651 ## - KONU KATMA GİRİŞ - COĞRAFİ ADI
Coğrafi İsim Türkiye
Genel Alt Bölümü Uluslararası ilişkiler
942 ## - EKLENDİ GİRİŞ ELEMANLARI (KOHA)
Sınıflandırma Veya Raf Düzeni Kaynak Dewey Decimal Classification
Koha Öğesi Türü Books
999 ## - SİSTEM KONTROL NUMARALARI (KOHA)
Koha Biblioitemnumber 13461
999 ## - SİSTEM KONTROL NUMARALARI (KOHA)
Koha Biblioitemnumber 321
Holdings
Kalıcı Konum Mevcut Konum Edinme Tarihi Toplam Check-Out'Lar Tam Çağrı Numarası Barkod Tarih Son Görülme İtibaren Geçerli Fiyatlar Koha Öğesi Türü Sigara Kamu Notu
Parti Okulu Kütüphanesi Parti Okulu Kütüphanesi 08/06/2019   327.09561 Y44a 2007 P00557 08/06/2019 08/06/2019 Books  
Parti Okulu Kütüphanesi Parti Okulu Kütüphanesi 10/26/2021   327.09561 Y44a 2007 P00886 10/26/2021 10/26/2021 Books Emin Değer Bağışıdır.